جرائم الحرب والعقاب عليها

محفوظ في:

المؤلف الرئيسي: عبدالحميد خميس.

التنسيق: كتاب

اللغة: Undetermined

منشور في: Cairo : Mostafa Bab Halabi, 1955.

الوسوم: إضافة وسم

لا توجد وسوم, كن أول من يضع وسما على هذه التسجيلة!

رقم الطلب: U105 .K45

LEADER 00375nam a2200121Ia 4500
008 240329s9999||||xx |||||||||||||| ||und||
050 4 |a U105 .K45 
100 1 |a عبدالحميد خميس. 
245 1 0 |a جرائم الحرب والعقاب عليها  |c عبدالحميد خميس 
264 1 |a Cairo :  |b Mostafa Bab Halabi,  |c 1955. 
300 |a 384  |c 24 CM 
942 |2 lcc  |c BK 
999 |c 57623  |d 57623